Understanding the Data Sources /

Bibliographic Details
Main Author: Ross
Corporate Author: Sarkar, Sumantra
Format: eBook
Language:Undetermined
Series:SAGE skills. Business.
Subjects:
Online Access:Connect to the full text of this electronic book

MARC

Tag First Indicator Second Indicator Subfields
LEADER 00000nam a22000003u 4500
001 in00005616607
006 m o d
007 cr |||||||||||
008 250108s2023 xx o 000 u und d
005 20250210160543.2
035 |a (OCoLC)on1483523503 
040 |a OCLKB  |b eng  |e pn  |c OCLKB 
020 |a 9781071907276 
020 |a 1071907271 
035 |a (OCoLC)1483523503 
049 |a TXAM 
100 1 |a Ross 
245 1 0 |a Understanding the Data Sources /  |c Jonathan Ross, Sumantra Sarkar. 
300 |a 1 online resource 
336 |a text  |b txt  |2 rdacontent 
337 |a computer  |b c  |2 rdamedia 
338 |a online resource  |b cr  |2 rdacarrier 
490 1 |a SAGE skills. Business 
588 |a Machine-generated record 
650 0 |a Decision making  |x Mathematical models. 
650 0 |a Decision making  |x Statistical methods. 
655 7 |a Electronic books.  |2 local 
710 1 |a Sarkar, Sumantra. 
830 0 |a SAGE skills.  |p Business. 
856 4 0 |u http://proxy.library.tamu.edu/login?url=https://sk.sagepub.com/skills/business/da/data-informed-decisions/03  |z Connect to the full text of this electronic book  |t 0 
955 |a SAGE Business Skills Collection 2024 
994 |a 92  |b TXA 
999 f f |s 5423fa57-d191-42a8-9965-566682d16e54  |i 9ffbfff3-9d58-4e71-8bb3-f21db6777f35  |t 0 
952 f f |a Texas A&M University  |b College Station  |c Electronic Resources  |d Available Online  |t 0  |h Library of Congress classification 
998 f f |t 0  |l Available Online